000 02696nab a22005537a 4500
003 AR-RoUNA
022 _a1850-485X
040 _aAR-RoUNA
_bspa
041 _aspa
_hspa
044 _aag
110 _98413
_aBuenos Aires.
_bSUMMA+
245 _aBarzón:
_bexplorando el mundo contemporáneo.
_hNº 15
246 _aInteriores/ Diseño/ Equipamiento/ Arte/ Estilos de vida.
260 _aBuenos Aires :
_bUP,
300 _a190 p. :
_bplantas
_bfot. byn.
_c31x23cm
505 0 _tMODA
505 0 _aLa genealidad imperfecta de la Argentina / Godfrey Deeny. p.38
505 0 _aHanbok, made in Corea/ La tradiconal vestimenta coreana a través del tiempo. p. 46
505 0 _tARTE
505 0 _aParedes sin vergüenza/ Intervenciones Urbanas Latinoamericanas en el CEBA. p. 54
505 0 _tDISEÑO
505 0 _aMatrimonios y algo más/ Cuatro parejas unidas por amor y diseño. p. 58
505 0 _tCASAS
505 0 _aVolver a la casa del padre/ La casa de Arthur Casas: una casa de Joa Batista Vilanova Artigas. p. 66
505 0 _tINTERIORES
505 0 _aMitad Mecenas, Mitad Marchard / La casa de David Gill sobre su galería londinense. p.78
505 0 _aDorrego y yo/ El estudio vivienda de Sebastiano Mauri en Villa Crespo. p. 90
505 0 _aEl Americano domesticado/ Santiago Porter. p. 98
505 0 _aLa noche (varias noches)/ La electrónica según Laura Ramos y cuatro boliches porteños por Bruno Dubner. p. 112
505 0 _aAcerca de Gabi Bunader/ Una producción con lo mejor de una creadora de culto. p. 122
505 0 _aVale Todo!/ La semana de la moda de San Pablo. p. 134
505 0 _aContar las estrellas y dormir la siesta/ Ernesto Balesteros. Mercedes Casanegra. p. 145
505 0 _aFixture/ Que hay que ver en los próximos meses. p. 158
505 0 _aDonde habitan las musas / Las industrias creativas generan nuevos programas de arquitectura que priorizan lo individual y el clima que se genera en el equipo de trabajo. p. 162
505 0 _aHeeeeelvético/ Alfredo Haberl. p. 174
505 0 _tCINE
505 0 _aComo llamas a tu mujer y le decis que te vas a Londres/ John Cassavetes, radiografía del hombre sin atributos. p. 190
505 0 _aMundo cruel/ Sudestada por Leticia Balack. p. 192
650 _aArquitectura
_911308
650 _aUrbanismo
_95
650 _aEdificios
_9227
651 0 _aBuenos Aires (Argentina)
_9193
773 0 _aArquis. Arquitectura y Urbanismo
_dBuenos Aires. UP, 2006
_gNº 15 (oct 2010 ) p. 190
_x1850-485X
856 _uinformes@palermo.edu
908 _aImp
942 _2udc
_cART
945 _aMBP
_d2018-06-12
980 _66
_aMirna Bonanno Potro
_gMirna Bonanno Potro
_86
999 _c12212
_d12212